000 00832nam a2200253Ia 4500
003 OSt
005 20220925223906.0
006 a|||||r|||| 00| 0
007 ta
008 220923b |||||||| |||| 00| 0 eng d
020 _a9780415587242
_c2447.6700000000001
037 _bBBS/0142, 14/03/2014, Better Book Service
_cGeneral Book
040 _aRTL
_cRTL
_beng
041 _2eng
_aeng
082 _aY73.2.P, Q3
100 _aBERGER Peter
_9263381
245 0 _aModern anthropology of India
_b Ethnography, themes and theory
260 _aLondon
_bRoutledge
_c2013
300 _axii, 343p.
_ccm.
650 _aSociology
700 _a HEIDEMANN Frank
_9263578
942 _hY73.2.P, Q3
_cGB
_2CC
999 _c580588
_d580588